000 00488nam a2200169Ia 4500
005 20250508150655.0
008 008 250505s9999 xx 000 0 eng d
037 _aReference
040 _aFEDL
_beng
_cFEDL
041 _aeng
_2eng
084 _a375.65, LON
_qFEDL
245 0 _aEducation for citizenship in elementary schools
260 _aLondon, UK
_bOxford University Press
_c1939
300 _axiv,316p.
942 _cREF
_h375.65, LON
999 _c1324969
_d1324969